Las empresas de participación con inversores extranjeros

Αποθηκεύτηκε σε:
Λεπτομέρειες βιβλιογραφικής εγγραφής
Κύριος συγγραφέας: Bivens, Karen Kraus (Συγγραφέας)
Άλλοι συγγραφείς: Lovell, Enid Baird (autora)
Μορφή: Βιβλίο
Γλώσσα:Ισπανικά
Έκδοση: Buenos Aires Paidós 1974
Σειρά:Textos Universitarios. Economía, 5
Θέματα:
Ετικέτες: Προσθήκη ετικέτας
Δεν υπάρχουν, Καταχωρήστε ετικέτα πρώτοι!

MARC

LEADER 00000nam a2200000 a 4500
001 UCR9479
003 CL-VaPUC
008 980613e19740000AG |||||||||||||||||spa|d
082 0 4 |a 338.8  |b BIV  |2 21 
100 0 |a Bivens, Karen Kraus  |e author  |9 412066 
700 |a Lovell, Enid Baird  |e autora  |9 439188 
245 1 4 |a Las empresas de participación con inversores extranjeros 
300 |a 203 p 
942 |c BK 
945 |d 19980613 00:00:00  |a crobeson 
260 |a Buenos Aires  |b Paidós  |c 1974 
650 0 |a Empresas   |9 255569 
650 7 |a CONSORCIOS  |2 CL-VaPUC  |9 412068 
650 0 |a Inversiones extranjeras  |9 255451 
650 0 |a Países en desarrollo  |9 259663 
650 7 |a POLITICAS DE SEGURIDAD  |2 CL-VaPUC  |9 378392 
650 0 |a Finanzas internacionales   |9 255570 
583 |a last modification  |c 19980613 00:00:00  |k Rodrigo Vera 
490 0 |a Textos Universitarios. Economía, 5 
999 |c 270672  |d 270670 
952 |0 0  |1 0  |4 0  |6 338_800000000000000_BIV_1974  |7 0  |8 A  |9 305044  |a BIBGIM  |b BIBGIM  |d 2019-11-20  |i 1413856  |o 338.8 BIV 1974  |p 1413856  |r 2025-01-15  |w 2019-11-20  |y BK  |k COM